000
00259nam a22001097a 4500
999
_c
15741
_d
15741
003
OSt
008
190925b ||||| |||| 00| 0 eng d
082
_a
428.1076
_b
GEO/WO
100
_a
George .
_9
4282
245
_a
Word power from the Reader's Digest
942
_c
BK